书目信息 |
| 题名: |
话剧台词艺术教程
|
|
| 作者: | 郭溥澜 著 | |
| 分册: | ||
| 出版信息: | 北京 中国戏剧出版社 1982.4 |
|
| 页数: | 209页 | |
| 开本: | 20cm | |
| 丛书名: | ||
| 单 册: | ||
| 中图分类: | J824.2 | |
| 科图分类: | ||
| 主题词: | 戏剧--艺术--中国 | |
| 电子资源: | ||
| ISBN: | ||
| 000 | 00513nam0 2200181 45 | |
| 001 | 0312221749 | |
| 005 | 20060801084403.59 | |
| 010 | @dCNY0.65 | |
| 100 | @a20031222d1982 km y0chiy0120 ea | |
| 101 | @achi | |
| 200 | 1 | @a话剧台词艺术教程@AHua Ju Tai Ci Yi Shu Jiao Cheng@f郭溥澜著@FGuo Pu Lan Zhu |
| 210 | @a北京@c中国戏剧出版社@d1982.4 | |
| 215 | @a209页@d20cm | |
| 606 | 0 | @a戏剧@x艺术@x中国 |
| 690 | @aJ824.2@v3 | |
| 701 | 0 | @a郭溥澜@4著 |
| 801 | @aCN@bTSTCL@c20060801 | |
| 905 | @a213230@dJ824.2@e34@b209082-084@f3 | |
| 话剧台词艺术教程/郭溥澜著.-北京:中国戏剧出版社,1982.4 |
| 209页;20cm |
| ISBN :CNY0.65 |
| ● |
| 相关链接 |
|
|
|
|
正题名:话剧台词艺术教程
索取号:J824.2/34
 
预约/预借
| 序号 | 登录号 | 条形码 | 馆藏地/架位号 | 状态 | 备注 |
| 1 | 0209082 | 001222509 | 第一借阅区/ [索取号:J824.2/34] | 在馆 | |
| 2 | 0209083 | 001222475 | 第一借阅区/ [索取号:J824.2/34] | 在馆 | |
| 3 | 0209084 | 001222518 | 第一样本阅览室/ [索取号:J824.2/34] | 在馆 | |
| 4 | 0444031 | 204440319 | 密集书库/ [索取号:J824.2/34] | 在馆 |